| 000 | 00843nam a2200253 i 4500 | ||
|---|---|---|---|
| 001 | 14107 | ||
| 003 | ES-MaACL | ||
| 005 | 20250728062553.0 | ||
| 007 | t| | ||
| 008 | 980930s1998 sp |||| | spa d | ||
| 020 | _a84-7476-260-X | ||
| 080 | _a316.334.2 | ||
| 100 | 1 |
_aEnguita, Mariano F. _947245 |
|
| 245 | 1 | 0 |
_aEconomía y sociología _b: para un análisis sociológico de la realidad económica / _cMariano F. Enguita. |
| 250 | _a1ª ed. | ||
| 260 |
_aMadrid : _bCentro de Investigaciones Sociológicas : _bSiglo XXI de España, _c1998. |
||
| 300 |
_a151 p. ; _c21 cm. |
||
| 490 | 1 |
_aMonografías ; _v157 |
|
| 504 | _aBibliografía. | ||
| 650 |
_aSociología económica. _917213 |
||
| 830 | 0 | 0 |
_aMonografías (Centro de Estudios Benaventanos "Ledo del Pozo") _v157 _9177262 |
| 852 |
_aES-MaACL _jL-21409 |
||
| 999 |
_c14107 _d14107 |
||